Imigracionyj diskurs v materialach globalnych SMI

Analýza zastúpenia migrantov, utečencov a žiadateľov o azyl v predvečer referenda EÚ v roku 2016.

Saved in:
Bibliographic Details
Main Author: Štefančík, Radoslav, 1976-
Other Authors: Stanislavovna Matytsina, Marina
Format: Book Chapter
Language:Russian
Subjects:
Tags: Add Tag
No Tags, Be the first to tag this record!

MARC

LEADER 00000naa a2200000 4500
001 0250177
005 20240502074015.9
041 0 |a rus 
044 |a SK 
245 1 0 |a Imigracionyj diskurs v materialach globalnych SMI  |c Radoslav Štefančík, Marina Stanislavovna Matytsina 
520 |a Analýza zastúpenia migrantov, utečencov a žiadateľov o azyl v predvečer referenda EÚ v roku 2016. 
610 2 0 |a médiá 
610 2 0 |a migrácia 
610 2 0 |a referendum 
610 2 0 |a Veľká Británia 
100 1 |a Štefančík, Radoslav, 1976- 
700 1 |a Stanislavovna Matytsina, Marina